Química orgánica moderna (Registro nro. 1046)

000 -Cabecera (24)
Campo de control interno 00540nam a2200205Ia 4500
008 - Códigos de longitud fija (40p)
Campo de control de longitud fija 190103s9999||||xx |||||||||||||| ||und||
020 ## - INTERNATIONAL STANDARD BOOK NUMBER
ISBN 9788429172102
040 ## - Origen de la Catalogacion
Origen de la Catalogacion UNAAT
041 ## - Código de idioma (R)
Código de lengua del texto/banda sonora o título independiente (R) spa
050 ## - Clasificación LC
Numero Clasificacion QD 251 R691
100 ## - Autor Personal
Autor Personal Rodger W. Griffin Jr.
245 #0 - Titulo
Titulo Química orgánica moderna
250 ## - Mencion de edicion
Mencion de edicion 1ra ed.
260 ## - Editorial
Ciudad Barcelona
Nombre de la Editorial Editorial Reverté S.A
260 ## - Editorial
Fecha 2014
300 ## - Descripcion
Extension 580
650 ## - Temas - Descriptores
Temas - Descriptores COMPUESTO ORGÁNICOS CON OXÍGENO Y NITRÓGENO
650 ## - Temas - Descriptores
Temas - Descriptores HIDROCARBUROS Y HALOGENUROS
942 ## - Elementos de Koha
Esquema de Clasificacion
Tipo de Documento Libros
Catalogador GAZ
Existencias
Retirado (estado) Fuente de Clasificacion Coleccion Ubicacion permanente Ubicacion actual Fecha de adquisicion Signatura Topografica Codigo de barras Ultima fecha de verificacion Price effective from Tipo de Item
      Biblioteca Central UNAAT Biblioteca Central UNAAT 2019-01-03 QD 251 R691 00547 2019-01-03 2019-01-03 Libros